000 00637nam a2200205Ia 4500
008 140429s9999 xx 000 0 und d
020 _a9781606491317
050 _aHF 5681.B2
_b.F517 2010
100 _aFiolleau, Krista
245 2 _aA director's guide to corporate financial reporting /
_cKrista Fiolleau, Kris Hoang and Karim Jamal.
260 _aNew York :
_bBusiness Expert Press,
_cc2010.
300 _a109 p. :
_c23 cm.
500 _aIncludes index.
521 _aBSBA
650 _aCorporation reports.
650 _aCorporations
_xAccounting.
650 _aFinancial statements.
942 _kFOR
_cBK
999 _c115720
_d115720